000 00350pab a2200157 454500
008 180718b2000 xxu||||| |||| 00| 0 eng d
245 _aSPECIAL issue on urban poverty
260 _c2000
300 _ap.5-107
362 _aApr
650 _aPoor - India
650 _aPoverty - India
650 _aPoverty
773 _aShelter
909 _a45270
999 _c45270
_d45270